Paesi Vincitori di Grandi Slam - Statistics

Statistiche generali
  • Questo quiz è stato fatto 31 volte
  • Il punteggio medio è 19 su 25
Statistiche sulle risposte
Totale Roland Garros Wimbledon Australian Open US Open Paese % Corretto
7 3 1 2 1 Italia
100%
40 24 5 3 8 Spagna
100%
100 11 21 50 18 Australia
97%
146 11 33 17 85 Stati Uniti
97%
10 3 4 2 1 Germania
93%
5 1 0 2 2 Russia
93%
23 2 8 7 6 Svizzera
93%
6 2 0 2 2 Argentina
90%
49 38 7 1 3 Francia
90%
48 2 37 4 5 Regno Unito
90%
26 10 7 6 3 Svezia
90%
3 3 0 0 0 Brasile
87%
24 3 7 10 4 Serbia
87%
12 5 1 3 3 Cechia
83%
2 1 0 0 1 Austria
80%
2 0 1 0 1 Croazia
80%
6 0 4 2 0 Nuova Zelanda
70%
1 0 0 0 1 Messico
67%
2 1 0 0 1 Romania
67%
1 0 1 0 0 Paesi Bassi
63%
2 0 0 2 0 Sudafrica
53%
1 1 0 0 0 Ungheria
53%
1 0 0 1 0 Irlanda
50%
1 1 0 0 0 Ecuador
33%
3 2 1 0 0 Egitto
17%
Nessun quiz corrispondente trovato
Distribuzione punteggi
Percentuale di utenti per punteggio
Percentile per numero di risposta
I tuoi punteggi nel tempo
Non hai fatto questo quiz